000 01000nam a2200241 a 4500
001 77712
003 BD-RjUL
005 20211209083020.0
008 201230s1986 bg ||||| |||| 00| 0 ben d
035 _a(BD-RjUL)77938
040 _aBD-RjUL
_beng
_cBD-RjUL
041 _aben
082 _223
_a891.4414
_bHAR 1986
100 _aরহমান, মুহাম্মদ হাবিবুর
_9243096
245 1 0 _aরবীন্দ্র বাক্যে আর্ট, সঙ্গীত ও সাহিত্য /
_cমুহাম্মদ হাবিবুর রহমান
260 _aঢাকা :
_bবাংলা একাডেমী,
_c১৯৮৬
300 _a২৬১ পৃ.;
_c২২ সেমি.
600 _aঠাকুর, রবীন্দ্রনাথ
_d১৮৬১-১৯৪১
_9243101
600 _aTagore, Rabindranath
_d1861-1941
_9243102
650 _aআর্টস, ইন্ডিক
_9243099
650 _aArts, Indic
_9243100
942 _2ddc
_cBK
999 _c77712
_d77712